| 000 | 00351nam a2200145Ia 4500 | ||
|---|---|---|---|
| 008 | 230917s9999||||xx |||||||||||||| ||und|| | ||
| 040 |
_e28473 _aMAIN |
||
| 041 | _aEnglish | ||
| 082 | _a355.0218 S18A | ||
| 100 | _aSreEdhar | ||
| 245 | 0 | _aAfghan Tasmoil: Changing equations | |
| 260 |
_aNew Delhi _bHimalayan _c1998 |
||
| 300 | _a222 p. | ||
| 942 | _cBK | ||
| 999 |
_c99695 _d99695 |
||